| 000 | 01510cam a2200385 i 4500 | ||
|---|---|---|---|
| 001 | vtls000321173 | ||
| 003 | NUKAT | ||
| 005 | 20230912210010.0 | ||
| 008 | 040720s1992 pl a |000 0 pol c | ||
| 035 | _azz2004971186 | ||
| 039 | 9 |
_a202309120157 _bVLOAD _c202309110409 _dVLOAD _c202308311022 _dvus _c202005040936 _dvbuw _y200407201512 _zbuwr |
|
| 040 |
_aWR U/ms _cWR U/ms _dWR U/dl _dŁ U/MRs |
||
| 245 | 0 | 0 |
_aPrzyroda województwa toruńskiego : _b(opracowanie zbiorowe) / _c[aut. Henryk Andrzejewski et al. ; red. Andrzej Giziński, Szczepan Burak] ; Urząd Wojewódzki w Toruniu. Wydział Ochrony Środowiska. |
| 260 |
_aToruń : _bOficyna Wydawnicza "Turpress", _c1992. |
||
| 300 |
_a123 s. : _bfot., mapy, rys. ; _c25 cm. |
||
| 336 |
_aTekst _btxt _2rdacontent |
||
| 337 |
_aBez urządzenia pośredniczącego _bn _2rdamedia |
||
| 338 |
_aWolumin _bnc _2rdacarrier |
||
| 504 | _aBibliogr. s. 93-94. | ||
| 650 |
_aPomniki przyrody _zPolska _zToruńskie, Województwo (1975-1998). |
||
| 650 |
_aPrzyroda _xochrona _zPolska _zToruńskie, Województwo (1975-1998). |
||
| 650 |
_aŚrodowisko przyrodnicze _zPolska _zToruńskie, Województwo (1975-1998). |
||
| 700 | 1 |
_aAndrzejewski, Henryk _d(1936- ). |
|
| 700 | 1 |
_aGiziński, Andrzej _d(1932- ). _eRed. |
|
| 700 | 1 |
_aBurak, Szczepan _d(1950- ). _eRed. |
|
| 951 | _aKIEL_010 | ||
| 961 | _aWA_51 | ||
| 962 | _aKR_U | ||
| 968 | _aBYDG_032 TOR_U | ||
| 970 | _aWA_U | ||
| 971 | _aL_U | ||
| 972 | _aWR_U | ||
| 973 | _aKAT_U | ||
| 980 | _aSZCZ_U | ||
| 999 |
_aVIRTUA40 m _c256 _d256 |
||